000 00258nam a22001097a 4500
008 170112b xxu||||| |||| 00| 0 eng d
020 _a007138152X
041 _aeng
080 _a618.2
245 _aFIRST AID FOR THE USMLE STEP 1
_cBHUSHAN, V
942 _2udc
_cBK
999 _c2756
_d2756